|
|
|
|
| LEADER |
00000nas a2200000 4500 |
| 001 |
ssj0000919 |
| 003 |
WaSeSS |
| 005 |
20200512172242.0 |
| 006 |
m d |
| 007 |
cr n |
| 008 |
750920c19639999oncmx p s 0 a0eng d |
| 010 |
|
|
|a cn 76308895
|
| 016 |
|
|
|a (AMICUS)000000090190
|
| 016 |
7 |
|
|a 015139395
|2 DE-101
|
| 016 |
7 |
|
|a 972973-2
|2 DE-600
|
| 022 |
|
|
|y 0036-4975
|
| 035 |
|
|
|a (WaSeSS)ssj0000919
|
| 040 |
|
|
|a NLC
|b eng
|c NLC
|d OCLCO
|d MUL
|d NSD
|d AIP
|d NST
|d SYS
|d HLS
|d MUQ
|d GUA
|d KNV
|d DEBBG
|d GBVCP
|d OCLCF
|d NJR
|d ZAS
|d LHU
|d WaSeSS
|
| 042 |
|
|
|a nlc
|a isds/c
|
| 055 |
0 |
1 |
|a AP5
|
| 084 |
|
|
|a cci1icc
|2 lacc
|
| 210 |
0 |
|
|a Saturday night
|b (1963)
|
| 222 |
|
0 |
|a Saturday night
|b (1963)
|
| 245 |
0 |
0 |
|a Saturday night
|h [electronic resource].
|
| 260 |
|
|
|a Toronto,
|b New Leaf Publications [etc.]
|
| 310 |
|
|
|a Ten times a year
|
| 362 |
0 |
|
|a v. 78, no. 7- (no. 3433- ); Aug. 1963-
|
| 500 |
|
|
|a Imprint varies.
|
| 506 |
|
|
|a License restrictions may limit access.
|
| 515 |
|
|
|a Suspended Aug. 1974-May 1975.
|
| 580 |
|
|
|a Published only as an insert to the National post, Mar. 2000- .
|
| 650 |
|
0 |
|a Investments
|z Canada
|x Periodicals.
|
| 650 |
|
6 |
|a Périodiques canadiens-anglais.
|
| 650 |
|
7 |
|a Canadian periodicals.
|2 fast
|0 (OCoLC)fst00845170
|
| 651 |
|
0 |
|a Canada
|x Politics and government
|x Periodicals.
|
| 651 |
|
0 |
|a Canada
|x Economic conditions
|x Periodicals.
|
| 651 |
|
0 |
|a Canada
|x Commerce
|x Periodicals.
|
| 655 |
|
0 |
|a Electronic journals.
|
| 776 |
1 |
|
|t Saturday night (Toronto, Ont. : 1963)
|d Ottawa : Central Microfilm & Reproductions, [19--]-
|x 0036-4975
|w (CaOONL) 90030958X
|w (OCoLC)21493344
|w (DLC)cn 90030958
|
| 776 |
1 |
|
|t Saturday night (Toronto, Ont. : 1963)
|d [Toronto] : Micromedia, 1976-
|x 0036-4975
|w (CaOONL) 900309571
|w (OCoLC)21493330
|w (DLC)cn 90030957
|
| 776 |
1 |
|
|t Saturday night (Toronto, Ont. : 1963)
|d [Toronto] : Micromedia, [19--]-
|x 0036-4975
|w (OCoLC)1006929572
|
| 776 |
1 |
|
|t Saturday night.
|d [Toronto], Canadian National Institute for the Blind, 1977-
|x 0036-4975
|w (CaOONL) 780308700
|w (OCoLC)4448686
|w (DLC)cn 78030870
|
| 776 |
1 |
|
|t Saturday night (Toronto, Ont. : 1963)
|d Ottawa : Campbell Reproductions, [19--]-
|x 0036-4975
|w (CaOONL)900309563
|w (OCoLC)21486921
|w (DLC)cn 90030956
|
| 780 |
0 |
0 |
|t Canadian Saturday night.
|d Toronto, Parkan Publications.
|x 0380-8661
|w (OCoLC)2125041
|w (DLC)cn 76300445
|
| 787 |
1 |
|
|t National post.
|d Toronto : [National Post Company], 1998-
|x 1486-8008
|w (CaOONL)983013535
|w (OCoLC)40419868
|w (DLC)cn 98301353
|
| 853 |
0 |
0 |
|8 1
|a v.
|b no.
|i (year)
|j (month)
|w m
|
| 856 |
4 |
0 |
|z Full text available from Research Library: 02/01/1993 to 09/22/2001
|u https://search.proquest.com/publication/4285
|
| 863 |
4 |
0 |
|8 1.1
|a 78
|b 7
|i 1963
|j 08
|